2010's Songs by Lyrics #1 - Statistics

General Stats
  • This quiz has been taken 814 times
  • The average score is 8 of 15
Answer Stats
Lyrics Song % Correct
Clap along if you feel like a room without a roof Happy
90%
I threw a wish in the well. Don't ask me, I'll never tell Call Me Maybe
81%
Baby, I'm dancin' in the dark with you between my arms Perfect
79%
Oh, don't you dare look back, just keep your eyes on me Shut Up and Dance
79%
Tastes like strawberries on a summer evenin' Watermelon Sugar
78%
Yes, I would die for you, baby. But you won't do the same Grenade
75%
Got a feeling that I'm going under but I know that I'll make it out alive Stitches
63%
And the walls kept tumbling down in the city that we love Pompeii
61%
Mama said, "Don't give up, it's a little complicated" High Hopes
47%
You better move, you better dance Timber
46%
All this time I was findin' myself and I didn't know I was lost Wake Me Up
37%
If you gave me a chance I would take it Rather Be
33%
I wish I could pretend I didn't need ya Señorita
18%
Give me one good reason why I should never make a change Budapest
15%
Everything I hold dear resides in those eyes Power Over Me
6%
No matching quizzes found
Score Distribution
Percent of People with Each Score
Percentile by Number Answered
Your Score History
You have not taken this quiz